| 000 | 00408nam a2200157Ia 4500 | ||
|---|---|---|---|
| 999 |
_c13949 _d13949 |
||
| 003 | OSt | ||
| 005 | 20260309173738.0 | ||
| 008 | 260210s9999 xx 000 0 und d | ||
| 020 | _a9781957183640 | ||
| 082 | _a711.4 | ||
| 100 | _aRafael Luna and others | ||
| 245 | 0 | _aHouse Precinct Territory: Design Strategies for the Productive City | |
| 260 |
_bORO Editions _c2024 |
||
| 260 | _c2024 | ||
| 942 |
_cRD _2ddc |
||